000 01273nam a2200313 i 4500
001 184049
003 ES-MaACL
005 20251017120203.0
008 150225s2014 sp co |||| |dmul d
020 _a9788415940517
080 _a821.134.2-1"20"
100 1 _aOthman-Bentria Ramos, Farid,
_d1979-
_eaut
_9175800
245 1 3 _aUn viento de madera =
_bUn vent de bois /
_cFarid Othman-Bentria Ramos ; [edición a cargo de Víctor Miguel Gallardo Barragán] ; [con prólogos de = avec préfaces par José Monleón, Ana Rossetti, Abdellatif Limami].
250 _a1ª ed.
260 _aGranada :
_bDauro,
_c2014.
300 _a168 p. , 1 h. de lám. col., [7] p., :
_bfot. col. y n. ;
_c21 x 21 cm.
490 1 _aTexturas
546 _aTextos en español, francés y árabe.
546 _aAlgunos textos en amazigh; lengua bereber (nota tomada de editor)
700 1 _aGallardo Barragán, Víctor Miguel,
_d1979-
_9156446
700 1 _aMonleón, José,
_d1927-2016
_982230
700 1 _aRossetti, Ana,
_d1950-
_9242375
700 1 _aLimami, Abdellatif.
_9156447
740 3 2 _aUn vent de bois.
830 1 _aTexturas
_9176532
852 4 _aES-MaACL
_jA-13406
_9191015
_bR.150190
_cDEPO1
_dN-6406
942 _2udc
_cMONOGRAFIA
999 _c184049
_d184049